<?xml version="1.0" encoding="UTF-8"?>
<marc:record xmlns:marc="http://www.loc.gov/MARC21/slim">
   <marc:leader>00000nam a2200000 a 4500</marc:leader>
   <marc:datafield ind1="1" ind2=" " tag="100">
      <marc:subfield code="a">Birchall, Katy</marc:subfield>
      <marc:subfield code="4">aut</marc:subfield>
      <marc:subfield code="e">Verfasser/-in</marc:subfield>
   </marc:datafield>
   <marc:datafield ind1="0" ind2="0" tag="245">
      <marc:subfield code="a">Undercover Bridesmaid</marc:subfield>
   </marc:datafield>
   <marc:datafield ind1="0" ind2="0" tag="245">
      <marc:subfield code="b">das perfekte Durcheinander : Roman</marc:subfield>
   </marc:datafield>
   <marc:datafield ind1="0" ind2="0" tag="245">
      <marc:subfield code="c">Katy Birchall ; aus dem Englischen von Sonja Rebernik-Heidegger</marc:subfield>
   </marc:datafield>
   <marc:datafield ind1=" " ind2="1" tag="264">
      <marc:subfield code="a">München</marc:subfield>
      <marc:subfield code="b">Piper</marc:subfield>
      <marc:subfield code="c">2022</marc:subfield>
   </marc:datafield>
   <marc:datafield ind1="1" ind2=" " tag="520">
      <marc:subfield code="a">Quelle: bn.bibliotheksnachrichten (http://www.biblio.at/literatur/bn/index.html); #Autor: Angela Zemanek-Hackl; #Sophie arbeitet hauptberuflich als Brautjungfer. Ihre Aufgabe besteht darin, Bräuten in jeder Lage aus der Patsche zu helfen. Doch ihre neueste Klientin bringt sie an ihre Grenzen. (DR)#Sophie liebt Hochzeiten und hat den schönsten Tag des Lebens zu ihrem Beruf gemacht: Sie hilft überbeschäftigten und verzweifelten Bräuten dabei, einen perfekten Hochzeitstag zu erleben. Sie ist sowohl in der Planung dabei, als auch am großen Tag, um etwaige Probleme diskret aus dem Weg zu räumen.#Ihr neuester Auftrag ist besonders aufregend, immerhin soll sie bei DER Hochzeit des Jahrzehntes mitwirken! Sophie ist äußerst erfreut, doch schon bald wird klar, dass die adelige Braut Cordelia so ziemlich alles daransetzt, um ihre gebuchte Brautjungfer an den Rand der Verzweiflung zu bringen: Angefangen bei dressierten Schwänen über einen nächtlichen Einbruch, um ein spezielles Hochzeitskleid auszuspionieren bis hin zur spontanen Vorverlegung der Hochzeit mit 450 Gästen  da ist einiges im Argen. Doch Sophie ist ein Profi und versucht, jeden noch so verrückten Wunsch wahr werden zu lassen. Und dann gibt es da noch Cordelias Bruder, zu dem sich Sophie hingezogen fühlt und sie fragt sich, was sie sich eigentlich selbst wünscht.#Dieser herrlich leichte Roman wird sicher viele Leser*innen begeistern. Das Buch liest sich, natürlich mit vielen Hoppalas und einigen Wendungen versehen, wie eine frische Filmkomödie. Die romantische Geschichte einer jungen Frau macht einfach Freude!</marc:subfield>
   </marc:datafield>
   <marc:datafield ind1=" " ind2=" " tag="020">
      <marc:subfield code="a">9783492062343</marc:subfield>
      <marc:subfield code="9">9783492062343</marc:subfield>
   </marc:datafield>
   <marc:datafield ind1=" " ind2=" " tag="041">
      <marc:subfield code="a">ger</marc:subfield>
   </marc:datafield>
   <marc:datafield ind1=" " ind2=" " tag="300">
      <marc:subfield code="a">413 Seiten</marc:subfield>
   </marc:datafield>
</marc:record>
